01448nab a22002417a 4500999001500000003000400015005001700019008004100036040000700077100003600084245021500120260007200335300001300407500003800420505039800458505008900856650002600945650003000971650003401001650001901035773013901054942001301193 c5704d5704OSt20251231143718.0190605e xxu||||| |||| 00| 0 spa d cPJ 95273aFaliero, Johanna Caterina13aLa (des)protección de los datos de los trabajadores y su expectativa de privacidad en los entornos laborales: el perfilamiento de los trabajadores y las leyes que miran hacia otro lado /cJohanna C. Faliero.  aCiudad Autónoma de Buenos Aires :bThomson Reuters La Ley,c2023. ap. 41-57 aCita: TR LALEY AR/DOC/255/2023.  aSumario: I. Introducción a las necesidades protectorias en materia de datos personales de los trabajadores.— II. La protección de los datos de los trabajadores.— III. La protección de la expectativa de privacidad en los entornos laborales.— IV. El perfilamiento de los trabajadores y las regulaciones hiposuficientes que los desprotegen.— V. Reflexiones y observaciones finales.  t¿Te interesa el texto completo? Solicitalo al correo: koha@justierradelfuego.gov.ar 091316aDERECHO LABORAL 091323aCONTRATO DE TRABAJO 091570aDERECHOS DEL TRABAJADOR 095233aPANDEMIA0 0271193168dCiudad Autónoma de Buenos Aires : Thomson Reuters La Ley, 1999-2002.tRevista de derecho del trabajo. Nº 2 - Marzo 2023 2udccANA